Ordenança per a l'administració i cobrança de l'arbitri sobre aprofitaments hidràulics
Descripción Física:
[4] p. ; 21 cm
MARC
| LEADER | 00000nam a2200000Ia 4500 | ||
|---|---|---|---|
| 001 | 15851 | ||
| 008 | 160829s1933 xx 000 0 cat d | ||
| 080 | |a RF-12-25 | ||
| 110 | 1 | |a Catalunya. |b Departament de Finances |9 52959 | |
| 245 | |a Ordenança per a l'administració i cobrança de l'arbitri sobre aprofitaments hidràulics | ||
| 260 | |a Barcelona : |b Generalitat de Catalunya, |c 1933 | ||
| 300 | |a [4] p. ; |c 21 cm | ||
| 590 | |a Abans del títol: Govern de la Generalitat de Catalunya. | ||
| 590 | |a Prové de MA-346, exp. 4. | ||
| 590 | |a Hi ha dos exemplars més a l'expedient. | ||
| 650 | |a Aigua |x Distribució |x Impostos |x Catalunya |9 46893 | ||
| 856 | 4 | |u https://media.diba.cat/diba/fitxers/arxiu/fulletons/bib_15851_1933_baixa.pdf |y Accés lliure | |
| 856 | 4 | |u https://media.diba.cat/diba/fitxers/arxiu/fulletons/bib_15851_1933_baixa.pdf |y Accés lliure | |
| 901 | |a Arxiu | ||
| 942 | |n 1 |2 udc | ||
| 952 | |0 0 |1 0 |4 0 |6 RF1225 |7 1 |9 53515 |a Arxiu |b Arxiu |d 2016-12-01 |l 0 |o RF-12-25 |p 15851 |r 2016-12-01 00:00:00 |w 2016-12-01 |y ARXIU | ||
| 999 | |c 57381 |d 57381 | ||
| 900 | |a bib_15851_1933_baixa.pdf | ||